<?xml version="1.0" encoding="UTF-8"?>
<record
    xmlns:xsi="http://www.w3.org/2001/XMLSchema-instance"
    xsi:schemaLocation="http://www.loc.gov/MARC21/slim http://www.loc.gov/standards/marcxml/schema/MARC21slim.xsd"
    xmlns="http://www.loc.gov/MARC21/slim">

  <leader>00472nam a22001097a 4500</leader>
  <controlfield tag="008">150622b        xxu||||| |||| 00| 0 eng d</controlfield>
  <datafield tag="010" ind1=" " ind2=" ">
    <subfield code="8">HCCRSF:007</subfield>
  </datafield>
  <datafield tag="245" ind1=" " ind2=" ">
    <subfield code="a">HIGH COURT CRIMINAL SESSION NO. 33 OF 1970 Uganda Vs Baziliyo Kyeyune</subfield>
  </datafield>
  <datafield tag="260" ind1=" " ind2=" ">
    <subfield code="a">High Court Kampala</subfield>
  </datafield>
  <datafield tag="500" ind1=" " ind2=" ">
    <subfield code="3">(Original criminal case no.A.57 of 1969 of the Chief Magistrate's Court of Buganda at Mengo Before-His Worship M.Ssendegeya Esq.,Mag.Gr.1.)</subfield>
  </datafield>
  <datafield tag="500" ind1=" " ind2=" ">
    <subfield code="3">BEFORE:The Honourable Mr.Justice L.P.Saldamha</subfield>
  </datafield>
  <datafield tag="999" ind1=" " ind2=" ">
    <subfield code="c">6565</subfield>
    <subfield code="d">6565</subfield>
  </datafield>
  <datafield tag="952" ind1=" " ind2=" ">
    <subfield code="0">0</subfield>
    <subfield code="1">0</subfield>
    <subfield code="2">ddc</subfield>
    <subfield code="4">0</subfield>
    <subfield code="6">HCCRSF_007</subfield>
    <subfield code="7">0</subfield>
    <subfield code="9">12440</subfield>
    <subfield code="a">ARC</subfield>
    <subfield code="b">ARC</subfield>
    <subfield code="c">ARC</subfield>
    <subfield code="d">2015-06-22</subfield>
    <subfield code="l">0</subfield>
    <subfield code="o">HCCRSF:007</subfield>
    <subfield code="p">0718/2015</subfield>
    <subfield code="r">2015-06-22 00:00:00</subfield>
    <subfield code="w">2015-06-22</subfield>
    <subfield code="y">URC</subfield>
  </datafield>
  <datafield tag="952" ind1=" " ind2=" ">
    <subfield code="0">0</subfield>
    <subfield code="1">0</subfield>
    <subfield code="2">ddc</subfield>
    <subfield code="4">0</subfield>
    <subfield code="6">HCCRSF_007</subfield>
    <subfield code="7">0</subfield>
    <subfield code="9">12441</subfield>
    <subfield code="a">ARC</subfield>
    <subfield code="b">ARC</subfield>
    <subfield code="c">ARC</subfield>
    <subfield code="d">2015-06-22</subfield>
    <subfield code="l">0</subfield>
    <subfield code="o">HCCRSF:007</subfield>
    <subfield code="p">0719/2015</subfield>
    <subfield code="r">2015-06-22 00:00:00</subfield>
    <subfield code="w">2015-06-22</subfield>
    <subfield code="y">URC</subfield>
  </datafield>
</record>
